| 000 | 00657nam a2200181 a 4500 | ||
|---|---|---|---|
| 001 | 2347 | ||
| 005 | 20140414131919.0 | ||
| 008 | 010323s19uu xx 00 eng d | ||
| 020 | _a0-06-443503-2 | ||
| 050 |
_aER _bMy99 1996 |
||
| 245 |
_aMystery of king Karfu (The) / _cDough Cushman. |
||
| 260 |
_a[s.l.] : _bA Trophy Picture Book, _c1996. |
||
| 300 | _a1 v. p. : ill. ; cm. | ||
| 520 | _aThe great detective Seymour Sleuth and his assistant Muggs journey to Egypt to searh for a missing stone chicken, an important clue to the Lost Treasure of King Karfu. | ||
| 650 |
_aEgypt _xFiction. |
||
| 650 | _aMystery and detective stories. | ||
| 999 |
_c111654 _d111654 |
||